01288nam a2200337 i 4500003001000000005001700010007000300027008004100030020001800071040003500089041000800124043001200132084001100144100004600155245011600201250002200317250004900339264007800388300002500466336002700491337003300518338002800551490002000579521003800599650006400637650006400701650004400765650004900809700004400858700004800902CO-BoRNBP20220317000340.0ta141031r20122019ck 0 sjr 0 s j spa d a9789588773186 aCO-BoRNBPbspaerdacCO-BoRNBP0 aspa as-ag--- aC BOR21 aBorges, Jorge Luisd1899-1986ecompilador10aAntología de la literatura fantásticaccompiladores Jorge Luis Borges, Adolfo Bioy Casares y Silvina Ocampo aPrimera edición aSéptima ediciónbSéptima reimpresión 1aBogotá, ColombiaaBuenos Aires, ArgentinabDebolsilloc2011c2012c2019 a407 páginasc21 cm atextobtxt2rdacontent asin mediaciónbn2rdamedia avolumenbnc2rdacarrier0 aContemporánea aRecomendado para público adulto17aCuentos juveniles argentinosySiglo XXvAntologías2LEMB17aLiteratura juvenil argentinavAntologíasySiglo XX2LEMB17aFantasíavCuentosvAntologías2LEMB17aLo sobrenaturalvCuentosvAntologías2LEMB1 aOcampo, Silvinad1903-1993ecompiladora1 aBioy Casares, Adolfod1914-1999ecompilador